00552 2200205 4500001002100000005001500021035002000036007000300056008004100059020002200100082000800122084001400130100003000144245005100174260004600225300001600271650002200287856002100309990001600330INLIS00000000000814020260205111901 a0010-0126000137ta260205 0 ind  a978-623-164-436-7 a658 a658 DEZ c0 aDezka Arwandriya Prasetya1 aCepat Kuasai SPSS /cDezka Arwandriya Prasetya aYogyakarta :bAnak hebat indonesia,c2024 a212 ;c21cm 4aCepat Kuasai SPSS aALUMNI MANAJEMEN a00000013733